[Event "FRA-Tch Top 16 Poule Basse"]
[Site "Port Barcares FRA"]
[Date "2005.05.04"]
[Round "8"]
[White "Charbonneau, Pascal"]
[Black "Lutz, Christopher"]
[Result "1/2-1/2"]
[WhiteElo "2495"]
[BlackElo "2614"]
[PlyCount "70"]
[GameId "2129405120238971"]
[EventDate "2005.05.04"]
[EventType "team"]
[EventRounds "11"]
[EventCountry "FRA"]
[SourceTitle "The Week in Chess 549"]
[Source "Mark Crowther"]
[SourceDate "2005.05.16"]
[SourceVersion "1"]
[SourceVersionDate "2005.05.16"]
[SourceQuality "2"]

1. e4 c5 2. Nf3 d6 3. Nc3 Nf6 4. e5 dxe5 5. Nxe5 Nbd7 6. Nc4 e6 7. g3 Be7 8. Bg2 O-O 9. d3 Nb6 10. O-O Nfd5 11. Ne4 Bd7 12. Ne5 Be8 13. c4 Nb4 14. Be3 Rc8 15. a3 Nc6 16. Nxc6 Bxc6 17. b4 cxb4 18. axb4 a6 19. Qb3 Nd7 20. Rad1 Qc7 21. Bf4 e5 22. Be3 Nf6 23. c5 Rcd8 24. Rfe1 Qd7 25. Nc3 Bxg2 26. Kxg2 Qc6+ 27. f3 Rfe8 28. Bg5 h6 29. Bc1 Bf8 30. Bb2 a5 31. bxa5 Qxc5 32. Nb5 Rd5 33. Nc3 Rdd8 34. Nb5 Rd5 35. Nc3 Rdd8 1/2-1/2

[Event "FRA-Tch Top 16 Poule Basse"]
[Site "Port Barcares FRA"]
[Date "2005.05.05"]
[Round "9"]
[White "Edouard, Romain"]
[Black "Charbonneau, Pascal"]
[Result "1-0"]
[WhiteElo "2255"]
[BlackElo "2495"]
[PlyCount "73"]
[GameId "2129405120239003"]
[EventDate "2005.05.04"]
[EventType "team"]
[EventRounds "11"]
[EventCountry "FRA"]
[SourceTitle "The Week in Chess 549"]
[Source "Mark Crowther"]
[SourceDate "2005.05.16"]
[SourceVersion "1"]
[SourceVersionDate "2005.05.16"]
[SourceQuality "2"]

1. e4 c5 2. Nf3 e6 3. d4 cxd4 4. Nxd4 a6 5. Nc3 Qc7 6. g3 Nf6 7. Bg2 d6 8. O-O Be7 9. Nb3 Nc6 10. a4 b6 11. f4 Bb7 12. Qe2 O-O 13. g4 Rfe8 14. g5 Nd7 15. Qf2 Bf8 16. Qh4 Nb4 17. Bd2 Nxc2 18. Rac1 Qc4 19. Rf3 Qxb3 20. Rh3 h6 21. gxh6 g6 22. Nd5 Bxd5 23. exd5 Qxa4 24. dxe6 fxe6 25. Bc3 Kh7 26. Bxa8 Nd4 27. f5 Ne2+ 28. Kf1 Qxh4 29. fxg6+ Kxg6 30. Rxh4 Nxc1 31. h7 Bh6 32. Rg4+ Kf7 33. Bc6 Rf8 34. Bxd7 e5 35. Rg8 Bg7 36. Bb4 Ke7+ 37. Kg2 1-0

[Event "FRA-Tch Top 16 Poule Basse"]
[Site "Port Barcares FRA"]
[Date "2005.05.06"]
[Round "10"]
[White "Charbonneau, Pascal"]
[Black "Romero Holmes, Alfonso"]
[Result "1/2-1/2"]
[WhiteElo "2495"]
[BlackElo "2510"]
[PlyCount "134"]
[GameId "2129405120239036"]
[EventDate "2005.05.04"]
[EventType "team"]
[EventRounds "11"]
[EventCountry "FRA"]
[SourceTitle "The Week in Chess 549"]
[Source "Mark Crowther"]
[SourceDate "2005.05.16"]
[SourceVersion "1"]
[SourceVersionDate "2005.05.16"]
[SourceQuality "2"]

1. e4 e6 2. d4 d5 3. Nc3 Bb4 4. e5 c5 5. a3 Bxc3+ 6. bxc3 Qc7 7. Nf3 Ne7 8. a4 h6 9. Bd3 b6 10. O-O Ba6 11. Bxa6 Nxa6 12. Qe2 Nb8 13. a5 bxa5 14. c4 Nbc6 15. cxd5 exd5 16. dxc5 O-O 17. e6 Nf5 18. exf7+ Qxf7 19. c3 Rae8 20. Qb5 Re6 21. Ra4 Rf6 22. Qd3 Nfe7 23. Re1 Qh5 24. Re3 Qg6 25. h3 Qxd3 26. Rxd3 Re6 27. Be3 Rb8 28. Ra1 Rb5 29. g4 Ne5 30. Nxe5 Rxe5 31. Bf4 Re4 32. Bd6 Kf7 33. Kg2 Re6 34. Ra4 Nc8 35. c4 dxc4 36. Rxc4 Rb4 37. Rc2 a4 38. Bg3 Rc6 39. Be5 Rb7 40. Rc4 Re7 41. Bd4 Nb6 42. Rf3+ Kg6 43. Rb4 Nd5 44. Rxa4 Re4 45. Rfa3 Ne7 46. Be3 Rxa4 47. Rxa4 Nd5 48. Ra5 a6 49. Kf3 h5 50. Bd4 hxg4+ 51. hxg4 Nb4 52. Ra4 Nd5 53. Ke4 Nc7 54. f4 Kf7 55. f5 g6 56. Rc4 gxf5+ 57. gxf5 a5 58. Be5 Na6 59. Kd5 Rc8 60. c6 Nb4+ 61. Rxb4 axb4 62. c7 Ke7 63. Kc6 b3 64. Bb2 Re8 65. f6+ Ke6 66. Bc3 Rc8 67. Bd4 Re8 1/2-1/2

[Event "National Chess Congress"]
[Site "Philadephia USA"]
[Date "2004.11.28"]
[Round "5"]
[White "Charbonneau, Pascal"]
[Black "Karklins, Andrew"]
[Result "1-0"]
[WhiteElo "2490"]
[BlackElo "2297"]
[PlyCount "66"]
[GameId "2129405122825051"]
[EventDate "2004.11.26"]
[EventType "swiss"]
[EventRounds "6"]
[EventCountry "USA"]
[SourceTitle "The Week in Chess 526"]
[Source "Mark Crowther"]
[SourceDate "2004.12.06"]
[SourceVersion "1"]
[SourceVersionDate "2004.12.06"]
[SourceQuality "2"]

1. e4 c5 2. Nf3 e6 3. d4 cxd4 4. Nxd4 a6 5. Bd3 b5 6. O-O Bb7 7. a4 b4 8. c3 Nf6 9. e5 Nd5 10. c4 Ne7 11. Nd2 Qc7 12. f4 Ng6 13. Ne4 Nc6 14. Be3 Nxd4 15. Bxd4 Rd8 16. c5 Qc6 17. Qe2 Nh4 18. Bf2 f5 19. exf6 Nf5 20. g4 Nh6 21. fxg7 Rg8 22. Nf6+ Kf7 23. Be4 Rxg7 24. Bxc6 Bxc6 25. g5 Be7 26. Qh5+ Rg6 27. Ng4 Nxg4 28. Qxh7+ Rg7 29. Qh5+ Rg6 30. Qxg4 e5 31. h4 Rdg8 32. Rae1 d6 33. cxd6 Bxd6 1-0

[Event "Olympiad"]
[Site "Calvia ESP"]
[Date "2004.10.16"]
[Round "2"]
[White "Dervishi, Erald"]
[Black "Charbonneau, Pascal"]
[Result "0-1"]
[WhiteElo "2502"]
[BlackElo "2490"]
[PlyCount "84"]
[GameId "2129405123734629"]
[EventDate "2004.10.15"]
[EventType "team"]
[EventRounds "14"]
[EventCountry "ESP"]
[SourceTitle "The Week in Chess 520"]
[Source "Mark Crowther"]
[SourceDate "2004.10.25"]
[SourceVersion "1"]
[SourceVersionDate "2004.10.25"]
[SourceQuality "2"]

1. e4 c5 2. Nf3 e6 3. d4 cxd4 4. Nxd4 a6 5. Bd3 Nf6 6. O-O Qc7 7. Qe2 d6 8. c4 Nbd7 9. Nc3 b6 10. Be3 Bb7 11. Rac1 Be7 12. Rfd1 O-O 13. f3 Rac8 14. Qd2 Qb8 15. Bf1 Rfe8 16. Kh1 Ne5 17. b3 Bd8 18. Nc2 Bc7 19. Bg1 Ng6 20. b4 Rcd8 21. Qf2 h5 22. Na4 Nd7 23. Nd4 h4 24. Nb3 Bc6 25. b5 Bb7 26. bxa6 Bxa6 27. c5 Bxf1 28. cxb6 Nxb6 29. Nxb6 Bb5 30. Na5 h3 31. Rb1 Bxb6 32. Qxb6 Be2 33. Rd2 hxg2+ 34. Kxg2 Qa8 35. Nc6 Rc8 36. Qe3 Bxf3+ 37. Kxf3 Rxc6 38. Rb4 Ne5+ 39. Kg3 Nc4 40. Qd3 Nxd2 41. Qxd2 Rec8 42. Be3 Rc4 0-1

[Event "Olympiad"]
[Site "Calvia ESP"]
[Date "2004.10.22"]
[Round "7"]
[White "Kozul, Zdenko"]
[Black "Charbonneau, Pascal"]
[Result "1/2-1/2"]
[WhiteElo "2640"]
[BlackElo "2490"]
[PlyCount "144"]
[GameId "2129405123731873"]
[EventDate "2004.10.15"]
[EventType "team"]
[EventRounds "14"]
[EventCountry "ESP"]
[SourceTitle "The Week in Chess 520"]
[Source "Mark Crowther"]
[SourceDate "2004.10.25"]
[SourceVersion "1"]
[SourceVersionDate "2004.10.25"]
[SourceQuality "2"]

1. d4 d5 2. c4 dxc4 3. Nf3 Nf6 4. e3 e6 5. Bxc4 c5 6. O-O a6 7. a3 b5 8. Ba2 Bb7 9. Nc3 Nbd7 10. Re1 Be7 11. e4 cxd4 12. Nxd4 Ne5 13. Bf4 Ng6 14. Bg3 O-O 15. e5 Nd5 16. Bxd5 Bxd5 17. Qg4 Bb7 18. Rad1 Qb6 19. h4 Rfd8 20. h5 Nf8 21. Bh4 Bxh4 22. Qxh4 Rd7 23. Re3 Rad8 24. Nce2 h6 25. Kh2 Nh7 26. Qg4 Kh8 27. Red3 f5 28. Qg3 Ng5 29. f3 Bd5 30. Nc2 Qb7 31. Qf4 Bc4 32. Rxd7 Rxd7 33. Rxd7 Qxd7 34. Qd4 Qxd4 35. Nexd4 Nf7 36. f4 Nd8 37. b3 Bd5 38. Nb4 Bb7 39. Nd3 Kg8 40. Nc5 Kf7 41. Nxb7 Nxb7 42. b4 Nd8 43. Kh3 g5 44. hxg6+ Kxg6 45. Kh4 h5 46. g3 Kh6 47. Nb3 Nc6 48. Nc5 Nd4 49. Nxa6 Nc2 50. Nc5 Nxa3 51. Nxe6 Nc2 52. Nc7 Nxb4 53. Nxb5 Nd5 54. Nd6 Kg6 55. Nc8 Kh6 56. e6 Nc7 57. e7 Ne8 58. Na7 Kg6 59. Nb5 Kh6 60. Nd4 Kg6 61. Nc6 Nd6 62. Nd4 Ne8 63. Nb5 Kh6 64. Na3 Kg6 65. Nc4 Kf7 66. Kxh5 Nf6+ 67. Kh6 Ne4 68. Ne3 Nxg3 69. Nd5 Ne4 70. Kh5 Nd6 71. Kg5 Ke6 72. Ne3 Kxe7 1/2-1/2

[Event "Olympiad"]
[Site "Calvia ESP"]
[Date "2004.10.25"]
[Round "10"]
[White "Charbonneau, Pascal"]
[Black "Mitkov, Nikola"]
[Result "1-0"]
[WhiteElo "2490"]
[BlackElo "2539"]
[PlyCount "85"]
[GameId "2129405123793997"]
[EventDate "2004.10.15"]
[EventType "team"]
[EventRounds "14"]
[EventCountry "ESP"]
[SourceTitle "The Week in Chess 521"]
[Source "Mark Crowther"]
[SourceDate "2004.11.01"]
[SourceVersion "1"]
[SourceVersionDate "2004.11.01"]
[SourceQuality "2"]

1. e4 e5 2. Nf3 Nc6 3. Bb5 Nf6 4. d3 Bc5 5. O-O Nd4 6. Nxd4 Bxd4 7. c3 Bb6 8. Kh1 c6 9. Ba4 O-O 10. Bg5 h6 11. Bh4 d6 12. Nd2 g5 13. Bg3 Bg4 14. f3 Be6 15. Bb3 Nh5 16. Bf2 Bxf2 17. Rxf2 Qb6 18. Rf1 d5 19. g3 Ng7 20. Qe2 Rad8 21. exd5 Bxd5 22. Nc4 Qb5 23. Kg1 Qc5+ 24. Qf2 Qxf2+ 25. Rxf2 Bxc4 26. Bxc4 b5 27. Bb3 Rxd3 28. a4 bxa4 29. Rxa4 Rb8 30. Bc2 Rd7 31. b4 c5 32. bxc5 Rc7 33. f4 exf4 34. gxf4 Rxc5 35. Rxa7 g4 36. f5 Rxc3 37. f6 Ne6 38. Bf5 g3 39. hxg3 Rxg3+ 40. Kh2 Re3 41. Re7 Kf8 42. Rg2 Re8 43. Rg8+ 1-0

[Event "Olympiad"]
[Site "Calvia ESP"]
[Date "2004.10.28"]
[Round "13"]
[White "Charbonneau, Pascal"]
[Black "Aleksandrov, Aleksej"]
[Result "0-1"]
[WhiteElo "2490"]
[BlackElo "2659"]
[PlyCount "122"]
[GameId "2129405123794763"]
[EventDate "2004.10.15"]
[EventType "team"]
[EventRounds "14"]
[EventCountry "ESP"]
[SourceTitle "The Week in Chess 521"]
[Source "Mark Crowther"]
[SourceDate "2004.11.01"]
[SourceVersion "1"]
[SourceVersionDate "2004.11.01"]
[SourceQuality "2"]

1. e4 e5 2. Nf3 Nc6 3. Bb5 Nf6 4. d3 d6 5. c3 g6 6. Nbd2 Bg7 7. Nf1 O-O 8. Ng3 a6 9. Ba4 b5 10. Bc2 Bb7 11. O-O Nb8 12. d4 Nbd7 13. Re1 Re8 14. h3 h6 15. d5 Nb6 16. Nh2 c6 17. dxc6 Bxc6 18. Ng4 Nxg4 19. hxg4 Ra7 20. Be3 Rd7 21. Qc1 Kh7 22. g5 Nc4 23. gxh6 Nxe3 24. Qxe3 Bxh6 25. Qe2 Qh4 26. Nf1 Kg7 27. g3 Qh3 28. Nh2 d5 29. exd5 Bxd5 30. Be4 Bd2 31. Bxd5 Rxd5 32. Qf1 Qf5 33. Red1 e4 34. Qe2 e3 35. Nf1 exf2+ 36. Qxf2 Qxf2+ 37. Kxf2 Rf5+ 38. Kg1 Be3+ 39. Nxe3 Rxe3 40. Rd2 Rxg3+ 41. Rg2 Rfg5 42. Rxg3 Rxg3+ 43. Kf2 Rh3 44. Rb1 f5 45. a4 bxa4 46. Ra1 Rh4 47. Ke3 Re4+ 48. Kd3 g5 49. c4 g4 50. c5 Kf6 51. c6 Ke7 52. Rc1 Kd8 53. Rc5 Rf4 54. c7+ Kc8 55. Ke3 Re4+ 56. Kd3 g3 57. Rxf5 Rg4 58. Rf1 g2 59. Rg1 Kxc7 60. Ke3 Kb6 61. Kf3 Rg8 0-1

[Event "World op"]
[Site "Philadelphia USA"]
[Date "2004.07.04"]
[Round "6"]
[White "Charbonneau, Pascal"]
[Black "Benjamin, Joel"]
[Result "1/2-1/2"]
[WhiteElo "2472"]
[BlackElo "2566"]
[PlyCount "41"]
[GameId "2129405126796681"]
[EventDate "2004.07.01"]
[EventType "swiss"]
[EventRounds "9"]
[EventCountry "USA"]
[SourceTitle "The Week in Chess 505"]
[Source "Mark Crowther"]
[SourceDate "2004.07.12"]
[SourceVersion "1"]
[SourceVersionDate "2004.07.12"]
[SourceQuality "2"]

1. e4 e5 2. Nf3 Nc6 3. d4 exd4 4. Nxd4 Bc5 5. Be3 Qf6 6. c3 Nge7 7. g3 d5 8. Bg2 Nxd4 9. cxd4 Bb4+ 10. Nc3 Bxc3+ 11. bxc3 dxe4 12. Bxe4 O-O 13. O-O c6 14. Qh5 h6 15. Qe5 Qe6 16. Rfe1 Re8 17. a4 Qxe5 18. dxe5 Bf5 19. Bg2 Nd5 20. Bd4 Rad8 21. Bxd5 1/2-1/2

[Event "NY Masters (96th)"]
[Site "New York USA"]
[Date "2004.03.23"]
[Round "2"]
[White "Charbonneau, Pascal"]
[Black "Wojtkiewicz, Aleksander"]
[Result "0-1"]
[WhiteElo "2485"]
[BlackElo "2564"]
[PlyCount "135"]
[GameId "2129405128860293"]
[EventDate "2004.03.23"]
[EventType "swiss (rapid)"]
[EventRounds "4"]
[EventCountry "USA"]
[SourceTitle "The Week in Chess 490"]
[Source "Mark Crowther"]
[SourceDate "2004.03.29"]
[SourceVersion "1"]
[SourceVersionDate "2004.03.29"]
[SourceQuality "2"]

1. e4 c5 2. Nf3 g6 3. d4 Bg7 4. c4 Qb6 5. Nc3 cxd4 6. Nd5 Qa5+ 7. b4 Qd8 8. Nxd4 Nf6 9. Nxf6+ Bxf6 10. Rb1 O-O 11. Be2 a5 12. a3 axb4 13. axb4 d6 14. O-O Bd7 15. b5 Bc8 16. Be3 Nd7 17. Nb3 b6 18. f4 Bb7 19. Bf3 Qc7 20. Qe2 Rfc8 21. Rfc1 Ra4 22. Nd4 Bxd4 23. Bxd4 Rxc4 24. Be3 Rxc1+ 25. Rxc1 Nc5 26. f5 Ra8 27. Bd4 Qd7 28. Qe3 e5 29. fxe6 Qxe6 30. Bb2 Re8 31. Qd4 f6 32. Re1 Kg7 33. Rf1 Rf8 34. g4 g5 35. Re1 Qb3 36. Bg2 Nd3 37. Re2 Qxb5 38. Rc2 Nxb2 39. Rxb2 Qc5 40. Qxc5 dxc5 41. Rxb6 Rf7 42. Kf2 Rc7 43. Ke3 c4 44. Kd2 c3+ 45. Kc2 Kf7 46. h3 Ke7 47. Rb3 Ke6 48. Rxc3 Rxc3+ 49. Kxc3 Ke5 50. Kd3 Kf4 51. Kd4 h6 52. Bh1 Ba6 53. Kd5 Bf1 54. Ke6 Bxh3 55. Kxf6 Bxg4 56. e5 h5 57. Kg6 h4 58. Kf6 h3 59. Bd5 Bc8 60. e6 g4 61. e7 Bd7 62. Be6 Be8 63. Bf7 h2 64. Bd5 g3 65. Kg7 Ke3 66. Kf8 Ba4 67. Bb3 h1=Q 68. Bxa4 0-1

[Event "Reykjavik op"]
[Site "Reykjavik ISL"]
[Date "2004.03.07"]
[Round "1"]
[White "Charbonneau, Pascal"]
[Black "Kjartansson, Gudmundur"]
[Result "1-0"]
[WhiteElo "2485"]
[BlackElo "2162"]
[PlyCount "117"]
[GameId "2129405129029643"]
[EventDate "2004.03.07"]
[EventType "swiss"]
[EventRounds "9"]
[EventCountry "ISL"]
[SourceTitle "The Week in Chess 488"]
[Source "Mark Crowther"]
[SourceDate "2004.03.15"]
[SourceVersion "1"]
[SourceVersionDate "2004.03.15"]
[SourceQuality "2"]

1. e4 c5 2. Nf3 Nc6 3. d4 cxd4 4. Nxd4 Nf6 5. Nc3 e5 6. Ndb5 d6 7. Bg5 a6 8. Na3 b5 9. Nd5 Be7 10. Bxf6 Bxf6 11. g3 O-O 12. Bg2 Bg5 13. O-O Ne7 14. c3 Be6 15. Nc2 Bxd5 16. exd5 Qb6 17. Qh5 Bf6 18. Nb4 Rfc8 19. Nc6 Nxc6 20. dxc6 Rxc6 21. Bxc6 Qxc6 22. Rfd1 d5 23. Qf3 Rd8 24. Rd2 Bg5 25. Re2 Qd6 26. Rd1 g6 27. Qd3 Kg7 28. h4 Bf6 29. Red2 Qc5 30. Qf3 d4 31. cxd4 exd4 32. Qe4 Rc8 33. Re2 Qc4 34. b3 Qc7 35. Kg2 h5 36. Rdd2 Qd7 37. Rc2 Rc3 38. Rcd2 Rc8 39. Rd3 Qc7 40. Rf3 Qd6 41. Qf4 Qd8 42. Qe4 Qd6 43. Rc2 Rc3 44. Rd2 Rc8 45. Rdd3 Rd8 46. Qf4 Qe7 47. Rd1 Rc8 48. Re1 Qd8 49. Qe4 Qd6 50. Rd3 Qd7 51. Rd2 Qd6 52. Red1 Qc7 53. f3 Qb8 54. Re2 Rc3 55. Rxd4 Rc1 56. Rd7 Qb6 57. Rxf7+ Kxf7 58. Qe8+ Kg7 59. Qd7+ 1-0

[Event "Reykjavik op"]
[Site "Reykjavik ISL"]
[Date "2004.03.08"]
[Round "2"]
[White "Epishin, Vladimir"]
[Black "Charbonneau, Pascal"]
[Result "1/2-1/2"]
[WhiteElo "2633"]
[BlackElo "2485"]
[PlyCount "56"]
[GameId "2129405129029676"]
[EventDate "2004.03.07"]
[EventType "swiss"]
[EventRounds "9"]
[EventCountry "ISL"]
[SourceTitle "The Week in Chess 488"]
[Source "Mark Crowther"]
[SourceDate "2004.03.15"]
[SourceVersion "1"]
[SourceVersionDate "2004.03.15"]
[SourceQuality "2"]

1. d4 d5 2. c4 c6 3. Nf3 Nf6 4. Nc3 a6 5. e3 b5 6. b3 Bg4 7. Be2 e6 8. h3 Bh5 9. O-O Nbd7 10. Ne5 Bxe2 11. Nxe2 dxc4 12. Nxd7 Qxd7 13. bxc4 c5 14. Ba3 cxd4 15. Bxf8 Kxf8 16. Qxd4 Qxd4 17. Nxd4 bxc4 18. Rfc1 Rc8 19. Rab1 g6 20. Rb7 Nd5 21. g3 Ne7 22. Kf1 Nf5 23. Nf3 Kg7 24. Ng5 Nd6 25. Rd7 Kf6 26. Rxd6 Kxg5 27. Rxa6 Ra8 28. Rc6 Rxa2 1/2-1/2

[Event "Reykjavik op"]
[Site "Reykjavik ISL"]
[Date "2004.03.11"]
[Round "5"]
[White "Charbonneau, Pascal"]
[Black "Schmaltz, Roland"]
[Result "0-1"]
[WhiteElo "2485"]
[BlackElo "2527"]
[PlyCount "46"]
[GameId "2129405129029796"]
[EventDate "2004.03.07"]
[EventType "swiss"]
[EventRounds "9"]
[EventCountry "ISL"]
[SourceTitle "The Week in Chess 488"]
[Source "Mark Crowther"]
[SourceDate "2004.03.15"]
[SourceVersion "1"]
[SourceVersionDate "2004.03.15"]
[SourceQuality "2"]

1. e4 c5 2. Nf3 e6 3. c4 a6 4. Nc3 b6 5. d4 cxd4 6. Nxd4 Bb7 7. Bd3 d6 8. O-O Nf6 9. f4 Be7 10. Nf3 Nbd7 11. Qe2 g6 12. e5 Nh5 13. exd6 Bxd6 14. f5 Bxf3 15. Rxf3 Ne5 16. Rh3 Bc5+ 17. Kh1 Qd4 18. Bg5 h6 19. Bd2 O-O-O 20. Nd5 Ng4 21. Rf3 exf5 22. Nc3 Nf2+ 23. Kg1 Qh4 0-1

[Event "Reykjavik op"]
[Site "Reykjavik ISL"]
[Date "2004.03.14"]
[Round "7"]
[White "Charbonneau, Pascal"]
[Black "Lehikoinen, Pertti Ilari"]
[Result "1-0"]
[WhiteElo "2485"]
[BlackElo "2234"]
[PlyCount "156"]
[GameId "2129405129038065"]
[EventDate "2004.03.07"]
[EventType "swiss"]
[EventRounds "9"]
[EventCountry "ISL"]
[SourceTitle "The Week in Chess 488"]
[Source "Mark Crowther"]
[SourceDate "2004.03.15"]
[SourceVersion "1"]
[SourceVersionDate "2004.03.15"]
[SourceQuality "2"]

1. e4 c5 2. Nf3 d6 3. d4 cxd4 4. Nxd4 Nf6 5. Nc3 a6 6. Be2 e5 7. Nb3 Be7 8. O-O O-O 9. Kh1 b5 10. a4 b4 11. Nd5 Bb7 12. f3 Nxd5 13. exd5 Nd7 14. c3 bxc3 15. bxc3 Qc7 16. c4 Rfb8 17. f4 exf4 18. Bxf4 Bf6 19. c5 Bxa1 20. Bxd6 Qd8 21. Nxa1 Nxc5 22. Bxc5 Qxd5 23. Qxd5 Bxd5 24. Rd1 Rb2 25. Bf1 Rab8 26. Rxd5 Rb1 27. Kg1 Rxa1 28. Rd4 g5 29. Kf2 Rc8 30. Bb6 Rc2+ 31. Be2 Raa2 32. Re4 f5 33. Re5 Rxa4 34. Rxf5 Rf4+ 35. Rxf4 gxf4 36. Kf3 Rc6 37. Ba5 Rc5 38. Bb4 Rc6 39. Kxf4 Rc2 40. Ke3 Rc6 41. h4 Re6+ 42. Kd3 Rh6 43. h5 Rb6 44. Bc3 h6 45. Kd4 Rf6 46. g4 Rc6 47. Bc4+ Kf8 48. Kd5 Rb6 49. Bd4 Rb1 50. Bxa6 Re1 51. Bd3 Kg8 52. Bf5 Re2 53. Be5 Ra2 54. Be4 Ra6 55. Bc3 Ra3 56. Bd4 Ra5+ 57. Ke6 Ra4 58. Ke5 Kg7 59. Bc2 Ra5+ 60. Ke6+ Kg8 61. Bf6 Ra6+ 62. Kf5 Kh7 63. Be4 Ra4 64. Be5 Rb4 65. Bd3 Rb6 66. Bc4 Rb1 67. Bd5 Rf1+ 68. Ke6 Kg8 69. Ke7+ Kh7 70. Bf6 Rc1 71. Kf7 Rc7+ 72. Be7 Kh8 73. Kf6 Ra7 74. Be6 Kh7 75. Bc5 Rc7 76. Bd4 Rg7 77. Bc3 Rb7 78. Bf5+ Kg8 1-0

[Event "Reykjavik op"]
[Site "Reykjavik ISL"]
[Date "2004.03.16"]
[Round "9"]
[White "Charbonneau, Pascal"]
[Black "Zatonskih, Anna"]
[Result "0-1"]
[WhiteElo "2485"]
[BlackElo "2436"]
[PlyCount "49"]
[GameId "2129405129038143"]
[EventDate "2004.03.07"]
[EventType "swiss"]
[EventRounds "9"]
[EventCountry "ISL"]
[SourceTitle "The Week in Chess 489"]
[Source "Mark Crowther"]
[SourceDate "2004.04.22"]
[SourceVersion "1"]
[SourceVersionDate "2004.04.22"]
[SourceQuality "2"]

1. e4 d5 2. exd5 Qxd5 3. Nc3 Qd6 4. d4 c6 5. Bc4 Nf6 6. Nge2 Bf5 7. O-O e6 8. Ng3 Bg6 9. f4 Bxc2 10. Qe2 Be7 11. f5 Qxd4+ 12. Kh1 Qg4 13. Rf3 e5 14. h3 Qh4 15. Bxf7+ Kxf7 16. Qxc2 Rd8 17. Qb3+ Kf8 18. Qxb7 Nbd7 19. Nf1 Nc5 20. Qxc6 Rab8 21. Re3 e4 22. b4 Rdc8 23. Qxc8+ Rxc8 24. bxc5 Bxc5 25. Rg3 0-1

[Event "Aosta op"]
[Site "St Vincent ITA"]
[Date "2004.02.08"]
[Round "1"]
[White "Di Lascio, Savino"]
[Black "Charbonneau, Pascal"]
[Result "0-1"]
[WhiteElo "2055"]
[BlackElo "2485"]
[PlyCount "40"]
[GameId "2129405129447868"]
[EventDate "2004.02.08"]
[EventType "swiss"]
[EventRounds "9"]
[EventCountry "ITA"]
[SourceTitle "The Week in Chess 483"]
[Source "Mark Crowther"]
[SourceDate "2004.02.09"]
[SourceVersion "1"]
[SourceVersionDate "2004.02.09"]
[SourceQuality "2"]

1. Nf3 d5 2. g3 c6 3. Bg2 Bg4 4. h3 Bh5 5. d3 Nd7 6. O-O Ngf6 7. c3 e5 8. b4 Bd6 9. Bb2 O-O 10. Nbd2 e4 11. dxe4 dxe4 12. Nh4 e3 13. Nc4 exf2+ 14. Kh2 Bc7 15. Rxf2 Ng4+ 16. hxg4 Qxh4+ 17. Kg1 Bxg3 18. Rf5 Bxg4 19. Qxd7 Qh2+ 20. Kf1 Bh3 0-1

[Event "Aosta op"]
[Site "St Vincent ITA"]
[Date "2004.02.09"]
[Round "2"]
[White "Charbonneau, Pascal"]
[Black "Letreguilly, Olivier"]
[Result "1/2-1/2"]
[WhiteElo "2485"]
[BlackElo "2258"]
[PlyCount "127"]
[GameId "2129405129447894"]
[EventDate "2004.02.08"]
[EventType "swiss"]
[EventRounds "9"]
[EventCountry "ITA"]
[SourceTitle "The Week in Chess 484"]
[Source "Mark Crowther"]
[SourceDate "2004.02.16"]
[SourceVersion "1"]
[SourceVersionDate "2004.02.16"]
[SourceQuality "2"]

1. e4 c6 2. c4 e5 3. Nf3 d6 4. d4 Nd7 5. Nc3 Ngf6 6. Be2 Be7 7. O-O O-O 8. Re1 a6 9. Rb1 Re8 10. Bf1 Bf8 11. a3 b5 12. b4 Qc7 13. Qb3 exd4 14. Nxd4 bxc4 15. Qa4 Bb7 16. Bf4 Nh5 17. Be3 d5 18. exd5 cxd5 19. g3 Nhf6 20. Bg2 Ne4 21. Nxe4 dxe4 22. Qc2 Ne5 23. Bf4 Qb6 24. Bxe4 Bxe4 25. Rxe4 Nd3 26. Rxe8 Rxe8 27. Be3 Rc8 28. Nf3 Qg6 29. Rd1 Be7 30. Nd2 Qg4 31. Nf1 h5 32. h4 Bd6 33. Nh2 Qe4 34. Qe2 Re8 35. Nf1 Qg6 36. Qf3 Be5 37. Qd5 Qe6 38. Qxe6 Rxe6 39. Nd2 Nb2 40. Rc1 c3 41. Nf3 Bf6 42. Bd4 Bxd4 43. Nxd4 Re4 44. Nb3 Rc4 45. Rc2 f6 46. Kf1 g5 47. Ke2 gxh4 48. gxh4 Re4+ 49. Kf1 Rc4 50. Ke2 Re4+ 51. Kf1 Na4 52. Re2 Rxh4 53. Re6 c2 54. Kg2 Rg4+ 55. Kh2 Rf4 56. Rxa6 Rxf2+ 57. Kg3 Rd2 58. Rxa4 Rd3+ 59. Kh4 Rxb3 60. Ra8+ Kf7 61. Rc8 Rxa3 62. Rxc2 Rb3 63. Kxh5 Rxb4 64. Re2 1/2-1/2

[Event "Aosta op"]
[Site "St Vincent ITA"]
[Date "2004.02.09"]
[Round "3"]
[White "Qendro, Llambi"]
[Black "Charbonneau, Pascal"]
[Result "1/2-1/2"]
[WhiteElo "2374"]
[BlackElo "2485"]
[PlyCount "82"]
[GameId "2129405129447937"]
[EventDate "2004.02.08"]
[EventType "swiss"]
[EventRounds "9"]
[EventCountry "ITA"]
[SourceTitle "The Week in Chess 484"]
[Source "Mark Crowther"]
[SourceDate "2004.02.16"]
[SourceVersion "1"]
[SourceVersionDate "2004.02.16"]
[SourceQuality "2"]

1. d4 d5 2. c4 c6 3. cxd5 cxd5 4. Nf3 Nf6 5. Nc3 Nc6 6. Bf4 a6 7. e3 Bg4 8. Be2 e6 9. Ne5 Bxe2 10. Qxe2 Rc8 11. O-O Bb4 12. Rfc1 Nxe5 13. Bxe5 Bxc3 14. Bxf6 gxf6 15. Rxc3 Rxc3 16. bxc3 Qc7 17. Rc1 Ke7 18. c4 Rc8 19. c5 b5 20. f4 Qa5 21. f5 Rg8 22. fxe6 fxe6 23. Rf1 Qc3 24. Qf2 Rg6 25. h3 Kd7 26. Kh2 Qa5 27. Qh4 Qc7+ 28. Rf4 Kc6 29. Qf2 f5 30. Kh1 Qd8 31. Rh4 h6 32. Rf4 Qa5 33. Qe2 Qc3 34. Rf1 Rg5 35. Qf2 Qa5 36. Qh4 Qd2 37. Rg1 Qxe3 38. Qxh6 Kd7 39. Qh7+ Kc6 40. Qh8 Kd7 41. Qh7+ Kc6 1/2-1/2

[Event "Aosta op"]
[Site "St Vincent ITA"]
[Date "2004.02.10"]
[Round "4"]
[White "Charbonneau, Pascal"]
[Black "Medancic, Rikard"]
[Result "1-0"]
[WhiteElo "2485"]
[BlackElo "2277"]
[PlyCount "69"]
[GameId "2129405129447953"]
[EventDate "2004.02.08"]
[EventType "swiss"]
[EventRounds "9"]
[EventCountry "ITA"]
[SourceTitle "The Week in Chess 484"]
[Source "Mark Crowther"]
[SourceDate "2004.02.16"]
[SourceVersion "1"]
[SourceVersionDate "2004.02.16"]
[SourceQuality "2"]

1. e4 c5 2. Nf3 e6 3. d4 cxd4 4. Nxd4 a6 5. Bd3 Nf6 6. Qe2 d6 7. O-O Qc7 8. c4 Nbd7 9. b3 Be7 10. Bb2 O-O 11. Nc3 b6 12. f4 Bb7 13. Rae1 b5 14. cxb5 axb5 15. e5 Qb6 16. Ncxb5 Rxa2 17. exf6 Bxf6 18. Kh1 Nc5 19. Bb1 Rxb2 20. Qxb2 Qxb5 21. Nxb5 Bxb2 22. Nxd6 Ba6 23. Rf3 Ba3 24. f5 exf5 25. Bxf5 g6 26. Bc2 Nd7 27. Nxf7 Rc8 28. Bd3 Bb7 29. Nh6+ Kg7 30. Rf7+ Kxh6 31. Rxd7 Bc6 32. Rd4 Rf8 33. h3 Rf2 34. Be4 Bb2 35. Rc4 1-0